| 000 | 00855cam a2200265Ii 4500 | ||
|---|---|---|---|
| 001 | 1333709079 | ||
| 003 | OCoLC | ||
| 005 | 20220812135019.0 | ||
| 006 | m o d | ||
| 007 | cr ||||||||||| | ||
| 008 | 220422t20222022enka fob 001 0 eng d | ||
| 020 | _a9780192863461 | ||
| 082 | 0 | 4 | _a320.95 WOU 2022 |
| 245 | 0 | 0 |
_aVernacular politics in Northeast India : _bdemocracy, ethnicity, and indigeneity / _cedited by Jelle J.P. Wouters |
| 250 | _aFirst edition | ||
| 264 | 1 |
_aOxford ; _aNew York, NY : _bOxford University Press, _c2022 |
|
| 300 |
_ax, 413 pages : _billustrations (colour) |
||
| 504 | _aIncludes bibliographical references and index | ||
| 650 | 0 | _aDemocracy | |
| 650 | 0 | _aEthnicity | |
| 651 | 0 |
_aIndia, Northeastern _xPolitics and government. |
|
| 655 | 4 | _aElectronic books | |
| 700 | 1 | _aWouters, Jelle J. P., | |
| 942 |
_2ddc _cMAIN |
||
| 999 |
_c9089 _d9090 |
||